000
00264nam a22001217a 4500
020
_a
978-1475714265
041
_a
ENG
100
_a
Keller.J
245
_a
Sprinkle And Trickle Irrigation
260
_a
Delhi
_b
ICER
_c
1996
650
_a
IDE
856
_u
IDE ( 18 )
999
_c
1515
_d
1515